|
|
|
|
| LEADER |
00000naa a2200000uu 4500 |
| 001 |
vtls011075434 |
| 003 |
SK-MaSNL |
| 005 |
20260302111531.0 |
| 008 |
210908|2008 xo |||||||||||||||||slo| |
| 015 |
|
|
|a SNBRA
|
| 035 |
|
|
|a (urnnbn)urn:nbn:sk:snk:ar-a0ce1w
|
| 035 |
|
|
|a (uuid)f94d5f06-c691-4332-9a8b-d6aea33aeb2f
|
| 035 |
|
|
|a urn:nbn:sk:snk-aavk7x
|
| 040 |
|
|
|a SNKBUCL
|b slo
|c SNKBUCL
|e AACR2
|
| 041 |
0 |
|
|a slo
|
| 044 |
|
|
|a xo
|c SK
|
| 100 |
1 |
|
|a Bezáková, Valéria
|4 aut
|9 775888
|
| 245 |
1 |
0 |
|a Ekonomika Slovenska a nezamestnanosť v pohľade verejnosti
|c Valéria Bezáková
|
| 246 |
3 |
|
|a Slovak Economy and Unemployment in View of Populace
|
| 773 |
0 |
|
|t Pohľady na ekonomiku Slovenska 2008
|d Bratislava : Slovenská štatistická a demografická spoločnosť, 2008
|g S. 56-63
|z 9788088946472
|
| 958 |
|
|
|a OND
|
| 958 |
|
|
|a article12
|
| 958 |
|
|
|a chapter
|
| 999 |
|
|
|c 1248043
|d 1249973
|